<?xml version="1.0" encoding="UTF-8"?>
<marc:record xmlns:marc="http://www.loc.gov/MARC21/slim">
   <marc:leader>00000nam a2200000 a 4500</marc:leader>
   <marc:datafield ind1="1" ind2=" " tag="100">
      <marc:subfield code="a">Hauser, Lisa</marc:subfield>
      <marc:subfield code="4">aut</marc:subfield>
      <marc:subfield code="e">Verfasser/-in</marc:subfield>
   </marc:datafield>
   <marc:datafield ind1=" " ind2=" " tag="653">
      <marc:subfield code="a">Kochbuch</marc:subfield>
   </marc:datafield>
   <marc:datafield ind1=" " ind2=" " tag="653">
      <marc:subfield code="a">günstig</marc:subfield>
   </marc:datafield>
   <marc:datafield ind1=" " ind2=" " tag="653">
      <marc:subfield code="a">nachhaltig leben</marc:subfield>
   </marc:datafield>
   <marc:datafield ind1=" " ind2=" " tag="653">
      <marc:subfield code="a">Gesunde Ernährung</marc:subfield>
   </marc:datafield>
   <marc:datafield ind1=" " ind2=" " tag="653">
      <marc:subfield code="a">Regionalkrimi</marc:subfield>
   </marc:datafield>
   <marc:datafield ind1=" " ind2=" " tag="653">
      <marc:subfield code="a">Zuckerfrei</marc:subfield>
   </marc:datafield>
   <marc:datafield ind1="0" ind2="0" tag="245">
      <marc:subfield code="a">Gesund und günstig kochen</marc:subfield>
   </marc:datafield>
   <marc:datafield ind1="0" ind2="0" tag="245">
      <marc:subfield code="b">70 schnelle Rezepte für jeden Tag</marc:subfield>
   </marc:datafield>
   <marc:datafield ind1="0" ind2="0" tag="245">
      <marc:subfield code="c">Lisa Hauser</marc:subfield>
   </marc:datafield>
   <marc:datafield ind1=" " ind2="1" tag="264">
      <marc:subfield code="a">Innsbruck ; Wien</marc:subfield>
      <marc:subfield code="b">Tyrolia Verlag</marc:subfield>
      <marc:subfield code="c">2023</marc:subfield>
   </marc:datafield>
   <marc:datafield ind1="1" ind2=" " tag="490">
      <marc:subfield code="a">Koch mit Herz</marc:subfield>
   </marc:datafield>
   <marc:datafield ind1="1" ind2=" " tag="520">
      <marc:subfield code="a">Quelle: bn.bibliotheksnachrichten (http://www.biblio.at/literatur/bn/index.html); #Autor: Maria Schmuckermair; #Gesunde und trotzdem günstige Alltagsküche nach den Prinzipien »Clean Eating« und »Clean Shopping«. (VL)#Preisgünstig und ohne großen Zeitaufwand zu kochen unter Verwendung möglichst unverarbeiteter, frischer Lebensmittel aus der Region  das ist wohl der Wunsch vieler Köchinnen und Köche, die ihre Familie mit gesundem Essen verwöhnen möchten. Dieses sehr übersichtlich und ansprechend gestaltete Kochbuch ist ein äußerst praktischer Helfer dabei. Nach der knapp, aber sehr informativ gehaltenen Einführung zu den Themen überlegter Einkauf, richtige Lagerung und Vorratshaltung kommt der Rezeptteil (Frühstück und Brote, Suppen und Vorspeisen, Hauptgerichte mit und ohne Fisch/Fleisch, Snacks und Süßes). Dabei zeigt jeweils ein Foto auf der linken Seite neben der Kochanweisung auf der rechten Seite, wie man das Gericht appetitlich anrichten kann. Die Rezepte sind zum Teil ganz traditionell (z.B. Gröstl-Omelett, Scheiterhaufen mit Birnen), aber auch sehr pfiffig (falscher Kartoffelsalat aus Kohlrabi) und in unseren Breiten wenig bekannt (knusprige amerikanische Kale-Chips aus Grünkohl, levantinisches Shakshuka). Den Abschluss bilden eine Vorratsliste und Speisepläne.#Dieses sehr praktisch und hübsch gestaltete Kochbuch verdient eine uneingeschränkte, warme Empfehlung!</marc:subfield>
   </marc:datafield>
   <marc:datafield ind1=" " ind2=" " tag="020">
      <marc:subfield code="a">9783702241094</marc:subfield>
      <marc:subfield code="9">9783702241094</marc:subfield>
   </marc:datafield>
   <marc:datafield ind1=" " ind2=" " tag="041">
      <marc:subfield code="a">ger</marc:subfield>
   </marc:datafield>
   <marc:datafield ind1=" " ind2=" " tag="300">
      <marc:subfield code="a">191 Seiten</marc:subfield>
   </marc:datafield>
</marc:record>
